Datum a čas kvízu
30.5
Celkem bodů
Celkový počet nahraných bodů na tomto kvízu bez doplňovacích otázek.
3.
Pořadí na kvízu
Konečné umístění týmu na tomto kvízu.
Zaznamenané odpovědi
| # | Otázka | Odpověď | Body | Výsledky |
|---|---|---|---|---|
| 1. | Na radnici městské části Brno-... | o hlasovací zařízení | 1 | |
| 2. | Výuka sexuální výchovy a osvět... | Polsko | 1 | |
| 3. | Ve čtvrtek v Praze odstartoval... | Mezipatra | 1 | |
| 4. | Vývojáři jisté sociální sítě,... | TikTok | 0 | |
| 5. | Jednadvacátým hokejistou celko... | Zdeno Chára | 1 | |
| 6. | V období nadcházející zimy a v... | rozpustné v tucích a rozpustné ve vodě | 1 | |
| 7. | Za vitamíny se považují látky,... | vitamín D (kalciferol) | 1 | |
| 8. | Jedním z nejprodávanějších dop... | morče | 0 | |
| 9. | Vitamín B2 má v těle řadu funk... | Riboflavin | 1 | |
| 10. | Vitamín B3 se chemicky nazývá... | nikotinová | 1 |